| 000 | 01828nam0a2200349 4500 | ||
|---|---|---|---|
| 001 | RU\NLR\BIBL_A\012533517 | ||
| 005 | 20240921235537.0 | ||
| 010 |
_a9785886517262 _970 |
||
| 021 |
_aRU _b2021-2707 _9КН-П-207 |
||
| 035 | _a(RuMoRGB)010565341 | ||
| 035 | _a(NLR Aleph) 012533517 | ||
| 090 |
_a12374519 _c12374519 |
||
| 100 | _a20210601d2020 u y0rusy50 ca | ||
| 101 | 0 | _arus | |
| 102 | _aRU | ||
| 105 | _ay|||j|||010zy | ||
| 181 | 0 |
_ai4 _baxxe |
|
| 182 | 0 | _an | |
| 200 | 1 |
_aФормы воспитания детей, оставшихся без попечения родителей, по законодательству Российской Федерации _eучебное пособие _fД. С. Рудьман _gМинистерство внутренних дел Российской Федерации, Омская академия |
|
| 203 |
_aТекст _bвизуальный _cнепосредственный |
||
| 210 |
_aОмск _cОмА МВД России _d2020 |
||
| 215 |
_a67, [1] с. _d21 |
||
| 300 | _aНа обл.: 100 лет Омской академии МВД России, 1920-2020 | ||
| 320 | _aБиблиогр. в подстроч. примеч. | ||
| 606 | 1 |
_aДети, оставшиеся без попечения родителей _jУчебные издания _xПравовой статус _yРоссийская Федерация _92524727 _3RU\NLR\AUTH\661495810 |
|
| 606 | 1 |
_aДети, оставшиеся без попечения родителей _jУчебные издания _xВоспитание _yРоссийская Федерация _92477512 _3RU\NLR\AUTH\661470979 |
|
| 686 | 1 | _aХ624.6я7 | |
| 700 | 1 |
_aРудьман _bД. С. _gДенис Сергеевич |
|
| 942 | _cBOOK | ||
| 980 | _aNBR | ||